Poemas
Bewaard in:
| Hoofdauteur: | |
|---|---|
| Formaat: | Boek |
| Taal: | Spaans |
| Gepubliceerd in: |
Bogotá
s.n
1983
|
| Onderwerpen: | |
| Tags: |
Voeg label toe
Geen labels, Wees de eerste die dit record labelt!
|
MARC
| LEADER | 00000nam a2200000 a 4500 | ||
|---|---|---|---|
| 001 | UCX3179 | ||
| 003 | CL-VaPUC | ||
| 008 | 911009e19830000CK |||||||||||||||||spa|d | ||
| 082 | 0 | 4 | |a Co861 |b GON |2 21 |
| 100 | |a González Mejía, Luis Carlos |e author |9 319257 | ||
| 245 | 1 | 0 | |a Poemas |
| 300 | |a 294 p | ||
| 942 | |c BK | ||
| 945 | |d 19911009 00:00:00 | ||
| 260 | |a Bogotá |b s.n |c 1983 | ||
| 650 | 7 | |a POESIAS COLOMBIANAS |2 CL-VaPUC |9 319258 | |
| 583 | |a last modification |c 20120708 10:55:18 |k Rodrigo Vera | ||
| 999 | |c 223989 |d 223987 | ||
| 952 | |0 0 |1 0 |4 0 |6 CO_861_000000000000000_GON_1983 |7 0 |8 A |9 220308 |a BIBEDU |b BIBEDU |d 2019-11-15 |i 289047K |o Co861 GON 1983 |p 289047K |r 2019-11-15 |w 2019-11-15 |y BK |k LIT | ||